000 00323nam a2200133Ia 4500
008 240624s9999 xx 000 0 und d
041 _aeng
082 _a828 PIC
100 _aPICOULT JODI
245 _aSMALL GREAT THINGS
260 _c2016
_aNew Delhi
_bHodder & Stoughton
300 _a509 p.; 19 cm.
365 _cRS
_b30
999 _c29588
_d29588